WORLD CIVILIZATIONS: SINCE 1500 (Record no. 215946)
[ view plain ]
| 000 -LEADER | |
|---|---|
| fixed length control field | 00572nam a22001937a 4500 |
| 008 - FIXED-LENGTH DATA ELEMENTS--GENERAL INFORMATION | |
| fixed length control field | 250721b |||||||| |||| 00| 0 eng d |
| 020 ## - INTERNATIONAL STANDARD BOOK NUMBER | |
| International Standard Book Number | 978-1-111-34132-9 |
| 050 ## - LIBRARY OF CONGRESS CALL NUMBER | |
| Classification number | CB69 .A35 2012 |
| 100 ## - MAIN ENTRY--PERSONAL NAME | |
| Personal name | ADLER, PHILIP J. |
| 245 ## - TITLE STATEMENT | |
| Title | WORLD CIVILIZATIONS: SINCE 1500 |
| 250 ## - EDITION STATEMENT | |
| Edition statement | 6 |
| 260 ## - PUBLICATION, DISTRIBUTION, ETC. | |
| Place of publication, distribution, etc. | AUSTRALIA |
| Name of publisher, distributor, etc. | WADSWORTH/CENGAGE LEARNING |
| Date of publication, distribution, etc. | 2012 |
| 300 ## - PHYSICAL DESCRIPTION | |
| Extent | XXIX, 728P.:ILL |
| 500 ## - GENERAL NOTE | |
| General note | INCLUDES BIBLIOGRAPHICAL REFERENCES AND INDEX |
| 650 ## - SUBJECT ADDED ENTRY | |
| Topical term or geographic name entry element | CIVILIZATION--HISTORY--TEXTBOOKS |
| 700 ## - ADDED ENTRY--PERSONAL NAME | |
| Personal name | POUWELS, RANDALL LEE |
| 942 ## - ADDED ENTRY ELEMENTS (KOHA) | |
| Source of classification or shelving scheme | Library of Congress Classification |
| Koha item type | Long Loan Book |
| Withdrawn status | Lost status | Source of classification or shelving scheme | Damaged status | Not for loan | Collection | Home library | Current library | Shelving location | Date acquired | Inventory number | Total checkouts | Full call number | Barcode | Date last seen | Copy number | Price effective from | Koha item type |
|---|---|---|---|---|---|---|---|---|---|---|---|---|---|---|---|---|---|
| Library of Congress Classification | Arts & Social Sciences | Kisii University Library | Kisii University Library | On Display | 07/21/2025 | 109287 | CB69 .A35 2012 V.2 | 000000024513 | 07/21/2025 | 1 | 07/21/2025 | Long Loan Book | |||||
| Library of Congress Classification | Arts & Social Sciences | Kisii University Library | Kisii University Library | On Display | 07/21/2025 | 109288 | CB69 .A35 2012 V.2 | 000000024512 | 07/21/2025 | 2 | 07/21/2025 | Long Loan Book | |||||
| Library of Congress Classification | Arts & Social Sciences | Kisii University Library | Kisii University Library | On Display | 07/21/2025 | 109289 | CB69 .A35 2012 V.2 | 000000024511 | 07/21/2025 | 3 | 07/21/2025 | Long Loan Book | |||||
| Library of Congress Classification | Arts & Social Sciences | Kisii University Library | Kisii University Library | On Display | 07/21/2025 | 109290 | CB69 .A35 2012 V.2 | 000000024510 | 07/21/2025 | 4 | 07/21/2025 | Long Loan Book | |||||
| Library of Congress Classification | Arts & Social Sciences | Kisii University Library | Kisii University Library | On Display | 07/21/2025 | 109291 | CB69 .A35 2012 V.2 | 000000024479 | 07/21/2025 | 5 | 07/21/2025 | Long Loan Book |